000 00394nam a2200145Ia 4500
008 230917s9999||||xx |||||||||||||| ||und||
040 _e126156
_aMAIN
041 _aEnglish
082 _a338.4791 N312T
100 _aNegi, Jagmohan
245 0 _aTourist guide and tour operation: Planning and organising
260 _aNew Delhi
_bKanishka Publishers
_c2007
300 _a354 p.
942 _cBK
999 _c152155
_d152155